|
|
|
|
| LEADER |
01352nam a2200277 a 4500 |
| 001 |
15709427 |
| 008 |
120415s2010 njua f 001 0 eng |
| 010 |
|
|
|a 2009015926
|
| 020 |
|
|
|a 9780470405093 (cloth)
|
| 040 |
|
|
|a DLC
|c DLC
|d DLC
|d BD-DhAAL
|
| 050 |
0 |
0 |
|a R853.S7
|b B35 2010
|
| 082 |
0 |
0 |
|a 610.72/7
|2 22
|
| 100 |
1 |
|
|a Balakrishnan, N.,
|d 1956-
|
| 245 |
1 |
0 |
|a Methods and applications of statistics in the life and health sciences /
|c N. Balakrishnan.
|
| 260 |
|
|
|a Hoboken :
|b Wiley,
|c c2010.
|
| 300 |
|
|
|a xviii, 986 p.:
|b ill, ;
|c 26 cm.
|
| 500 |
|
|
|a Includes index.
|
| 500 |
|
|
|a Preface: "This is the first of a series of handbooks on Methods and Applications of Statistics."
|
| 541 |
|
|
|e 00024992
|
| 650 |
|
0 |
|a Medical statistics
|v Handbooks, manuals, etc.
|
| 650 |
|
0 |
|a Medicine
|x Research
|x Statistical methods
|v Handbooks, manuals, etc.
|
| 650 |
|
0 |
|a Life sciences
|x Statistical methods
|v Handbooks, manuals, etc.
|
| 852 |
1 |
|
|a Ayesha Abed Library
|c General shelf.
|
| 999 |
|
|
|c 12078
|d 12078
|
| 952 |
|
|
|0 0
|1 0
|2 ddc
|4 0
|6 610_727000000000000_BAL
|7 0
|9 20031
|a BRACUL
|b BRACUL
|c GEN
|d 2012-04-11
|e karim International
|g 19000.00
|l 0
|o 610.727 BAL
|p 3010024992
|r 2012-04-15
|t 1
|w 2012-04-15
|y BK
|
| 952 |
|
|
|0 0
|1 0
|2 ddc
|4 0
|6 610_727000000000000_BAL
|7 0
|9 20032
|a BRACUL
|b BRACUL
|c GEN
|d 2012-04-11
|e karim International
|g 19000.00
|l 0
|o 610.727 BAL
|p 3010024993
|r 2012-04-15
|t 2
|w 2012-04-15
|y BK
|